000 00756nam a2200229 i 4500
001 000002501
003 DO-SdBNP
005 20240723095736.0
007 ta
008 090702s19uu dr a r 000 0 spa d
040 _aDO-SdBNP
_bspa
_cBNPHU
_erda
082 4 _222
100 1 _aViguera Ozuna, Vinicio,
_97872
_eautor
245 1 0 _aDon Pedro Justo Carrión :
_bun corazón para el mundo, opúsculo biográfico /
_cViguera Ozuna, Vinicio.
264 _aSan Pedro de Macorís, República Dominicana :
_bEditora 23,
_c19-?.
300 _a23 páginas :
_bilustraciones ;
_c21 cm.
336 _2rdacontent
_atexto
_btxt
337 _2rdamedia
_asin mediación
_bn
338 _2rdacarrier
_avolumen
_bnc
590 _aAutografiado por el autor
942 _2ddc
_cLBS1
999 _c2337
_d2337